MARC

LEADER 00000nab a2200000 a 4500
001 vtls000870963
003 SK-MaSNL
005 20260305025434.0
008 180206c2004 xo 0 slo
015 |a SNBRB2004/04-13387 
035 |a CLN000222515 
040 |a SNKBUCL  |b slo  |c SNKBUCL  |e AACR2 
041 0 |a slo 
044 |a xo  |c SK 
080 |a 338.45(437.6):629.331:339.727.22  |2 UDC-MRF-SK2 
080 |a 339.727.22(437.6)  |2 UDC-MRF-SK2 
080 |a 629.331(437.6)  |2 UDC-MRF-SK2 
080 |a 332.1(437.6):629.331:339.727.22  |2 UDC-MRF-SK2 
100 1 |a Bucha, Tibor  |4 aut  |9 847645 
245 1 0 |a [Automobilový priemysel]  |c Tibor Bucha 
300 |b Fotogr., graf, tab. 
505 1 |a Kórejský gigant na Slovensku -- Sto kilometrov okolo Žiliny -- Nutnosť plynulého financovania 
610 7 |a Hyundai Mobis (Južná Kórea)  |x investície zahraničné  |z Slovensko  |2 snkbucl  |9 859520 
610 7 |a KIA Motors (Južná Kórea)  |x investície zahraničné  |z Slovensko  |2 snkbucl  |9 859521 
650 0 7 |a priemysel automobilový  |z Slovensko  |x investície zahraničné  |2 snkbucl  |9 858828 
651 7 |a Žilina (Slovensko : okres)  |2 snkbucl  |9 56327 
651 7 |a Žilina (Slovensko)  |2 snkbucl  |9 28812 
655 7 |a články z novín a časopisov  |2 snkbucl  |9 267496 
700 1 |a Mikolaj, Ján,  |d 1929-  |4 aut  |4 uin  |9 28149 
773 0 |x 1335-4620  |t Profit  |g Č. 13-14 (2004), s. 32-38 
850 |a Slovenská národná knižnica v Martine 
852 |a SNK  |b KIS3GCP 
958 |a RBX 
999 |c 3305708  |d 3307638